Amazing World of Gumball Episodes 1.4 Quiz Stats

Quiz not verified by Sporcle

Challenge
Share
Tweet
Embed
Score 0/10 Timer 05:00
0 Plays Today
Summary Episode % Correct
The Waterson's fight over who gets the remoteThe Remote
99%
When Gumball and Darwin get addicted to a cellphone, they accidentaly send a mean message to OchoThe Phone
93.2%
Carrie takes Gumball, Darwin, and Anais toa real haunted house on HalloweenThe Halloween
88.3%
Richard accidentally runs over Santa Claus on Christmas EveChristmas
85.4%
Richard gives Gumball a watch that has been passed down from Waterson to WatersonThe Watch
85.4%
Gumball, Darwin, and Anais search for the Waterson's family treasureThe Treasure
84.5%
Ms. Simian must aologize to Gumball and Darwin for screaming at them for doing nothing wrongThe Apology
74.8%
When Bobert loses in a bet with Gumball he must be his slave for the dayThe Bet
72.8%
Gumball tries to get Darwin to speak his mindThe Words
68.9%
Gumball and Darwin spend the day with Clayton, exept he can't stop lyingThe Skull
54.4%

You're not logged in!

Compare scores with friends on all Sporcle quizzes.
Sign Up with Email
OR
Log In

You Might Also Like...

Show Comments

Extras

Top Quizzes Today


Score Distribution

Your Account Isn't Verified!

In order to create a playlist on Sporcle, you need to verify the email address you used during registration. Go to your Sporcle Settings to finish the process.

Report this User

Report this user for behavior that violates our Community Guidelines.

Details: